| 000 | 00727nam a2200253Ia 4500 | ||
|---|---|---|---|
| 003 | OSt | ||
| 005 | 20220925204149.0 | ||
| 006 | a|||||r|||| 00| 0 | ||
| 007 | ta | ||
| 008 | 220923b |||||||| |||| 00| 0 eng d | ||
| 037 | _cGeneral Book | ||
| 040 |
_aRTL _cRTL _beng |
||
| 041 |
_2eng _aeng |
||
| 082 | _aX9:89P, J4/UN | ||
| 110 | _aInternational Labour Office | ||
| 245 | 0 | _aHigher productivity in manufacturing industries | |
| 260 |
_aGeneva _bILO _c1954 |
||
| 300 |
_aiv, 195p. _ccm. |
||
| 490 | _aIts, Studies and reports, New Series. 38 | ||
| 650 | _aOffice Management | ||
| 700 | _aInternational Labour Office | ||
| 942 |
_hX9:89P, J4/UN _cGB _2CC |
||
| 999 |
_c548685 _d548685 |
||